L’impact économique de la pandémie sur les petites et moyennes entreprises diplomová práca

Gespeichert in:
Bibliographische Detailangaben
1. Verfasser: Petergáčová, Daniela
Körperschaft: Fakulta aplikovaných jazykov EU v Bratislave. Katedra románskych a slovanských jazykov
Weitere Verfasser: Rizeková, Iveta, 1961-
Format: Buch
Sprache:Französisch
Veröffentlicht: Bratislava 2023
Tags: Tag hinzufügen
Keine Tags, Fügen Sie das erste Tag hinzu!

MARC

LEADER 00000nbm a2200000 4500
001 0292829
005 20240920142509.3
041 0 |a fre 
044 |a SK 
245 1 0 |a L’impact économique de la pandémie sur les petites et moyennes entreprises  |b diplomová práca  |c Daniela Petergáčová ; školiteľ: Iveta Rizeková 
264 1 |a Bratislava  |c 2023 
300 |a 82 s. 
100 1 |a Petergáčová, Daniela 
700 1 |a Rizeková, Iveta, 1961- 
710 2 |a Fakulta aplikovaných jazykov EU v Bratislave. Katedra románskych a slovanských jazykov